Responses for Show #5625 - Friday, February 6, 2009

Contestants

[<< previous game]

Laura Groch, a copy editor from Escondido, California

Julia Dominick, a homemaker from Struthers, Ohio

Gail Flemmons, a history teacher from Clinton, Mississippi (whose 2-day cash winnings total $46,399)

[next game >>]

Jeopardy! Round responses

THE SPANISH-AMERICAN WAR
LINES FROM THE SITCOM
THE NEAREST
GOOD EATS WITH ALTON BROWN
HIDING ON THE INTERNET
"MULTI" TASKING
    $200 1
the Philippines

Gail
    $200 16
Taxi

Gail
    $200 21
(Gail: What is Mars?)

Venus

GailLaura
    $200 6
(Gail: What is bourbon?)
(Laura: What is brandy?)

rum

GailLaura
Triple Stumper
    $200 26
Yahoo!

Julia
    $200 11
a multivitamin

Gail
    $400 2
France

Gail
    $400 17
Frasier

Laura
    $400 22
your left arm

Laura
    $400 7
flambé

Gail
    $400 27
Family Guy

Julia
    $400 12
a multiplex

Laura
    $600 3
(Gail: What is Cuba?)

Puerto Rico

GailJulia
    $600 18
The Odd Couple

Julia
    $600 23
Pennsylvania Avenue

Gail
    $600 8
bacteria

Laura
    $600 28
International Talk Like a Pirate Day (National Talk Like a Pirate Day accepted)

Julia
    $600 13
a multitude

Julia
    $1,000 4
(Alex: [*] is right! And you did remember [*]!)

the (USS) Maine

Julia
    $800 19
Curb Your Enthusiasm

Julia
    $800 24
(Gail: What is JFK?)

LaGuardia Airport

GailJulia
    $800 9
an emulsion

Laura
    $800 29
(Laura: What is Google?)

Amazon

GailLaura
    $800 14
multiplication

Julia
    $1000 5
Walter Reed

Gail
    $1000 20
30 Rock

Julia
    $1000 25
Calamity Jane

Julia
    $1000 10
blanching

Gail
    $1000 30
Google

Triple Stumper
    $1000 15
multilateral

Triple Stumper

Scores at the first commercial break (after clue 13):

Gail Julia Laura
$2,400 $2,200 $1,600

Scores at the end of the Jeopardy! Round:

Gail Julia Laura
$3,000 $8,400 $1,800

Double Jeopardy! Round responses

COMPOUNDS
ANIMALS EN ESPAÑOL
GEOGRAPHIC NICKNAMES
IT'S A LOCK
BOOKS WITH SUBTITLES
MOVIES WITH SUBTITLES
    $400 22
a base

Gail
    $400 6
horse

Julia
    $400 11
Athens

Julia
    $400 17
(Julie: What is a combination lock?)
(Laura: What is a puzzle lock?)
[Originally ruled incorrect; reversed before Daily Double at clue 26]

a padlock

JuliaLaura
    $400 1
Whale

Laura
    $400 16
La Cage Aux Folles

Gail
    $800 23
a soda

Julia
    $800 7
cat

Julia
    $800 12
(Alex: [*] City, yes.)

Derby

Laura
    $800 18
a Yale lock

Laura
    $800 2
a shipwreck

Gail
    $800 27
(Laura: What is China?)
(Alex: Be more specific.)
(Laura: What is Taiwan?)

Hong Kong

JuliaLaura
    $1200 24
polymer

Gail
    $1200 8
lobster

Julia
    $1200 13
Alexandria

Gail
    $1200 19
a snake

Gail
    $1200 3
Dream

Laura
    $1200 28
Motorcycle Diaries

Julia
    $1600 25
(Alex: Carbon and [*].)

metal

Triple Stumper
    $1600 9
a polar bear

Gail
    $1600 14
Roses

Gail
    $1600 20
a deadlock (also deadbolt or deadlatch)

Laura
    $3,400 4
Prometheus

Laura
    $1600 29
Fellini

Laura
    $1,000 26
sulfur

Gail
    $2000 10
deer

Julia
    $2000 15
an octopus

Laura
    $2000 21
the tumblers

Gail
    $2000 5
Virtue

Gail
    $2000 30
(Gail: What is Finland?)

Poland

GailLaura

Scores at the end of the Double Jeopardy! Round:

Gail Julia Laura
$14,400 $15,600 $15,200

[wagering suggestions for these scores]

Final Jeopardy! Round responses

MUSIC LEGENDS
(Alex: [Revealing Laura's response] He was known as "The Man in Black". "Hello, my name is [*]." You're right.)
GailWho was Chris Farley
$14,398
LauraWho is Johnny Cash?
$15,200
JuliaWho is Johnny Cash?
$14,801
Johnny Cash

Final scores:

Gail Julia Laura
$2 $30,401 $30,400
3rd place: $1,000 New champion: $30,401 2nd place: $2,000

Game dynamics:

Coryat scores:

Gail Julia Laura
$15,400 $15,400 $13,400
20 R
(including 1 DD),
5 W
20 R
(including 1 DD),
1 W
16 R
(including 1 DD),
3 W

Combined Coryat: $44,200

[game clues] [game scores] [suggest correction]

Game tape date: 2008-11-19
The J! Archive is created by fans, for fans. Scraping, republication, monetization, and malicious use prohibited; this site may use cookies and collect identifying information. See terms. The Jeopardy! game show and all elements thereof, including but not limited to copyright and trademark thereto, are the property of Jeopardy Productions, Inc. and are protected under law. This website is not affiliated with, sponsored by, or operated by Jeopardy Productions, Inc. Join the discussion at JBoard.tv.